[Event "FRA-chT2 (Women)"]
[Site "Vezin Le Coquet"]
[Date "2017.01.15"]
[Round "2.3"]
[White "Phung, Alice"]
[Black "Le Dortz, Andrea"]
[Result "1-0"]
[WhiteElo "1333"]
[BlackElo "1225"]
[PlyCount "137"]
[EventDate "2017.01.15"]
[EventType "team-match"]
[EventRounds "5"]
[EventCountry "FRA"]
[SourceTitle "EXT 2024"]
[Source "ChessBase"]
[SourceDate "2023.10.10"]
[SourceVersion "1"]
[SourceVersionDate "2023.10.10"]
[SourceQuality "1"]

1. d4 d5 2. c4 Nf6 3. cxd5 Nxd5 4. e4 Nb6 5. Nc3 e6 6. Nf3 Bb4 7. Be2 Nc6 8. 0-0 Ne7 9. Bf4 Ng6 10. Bg3 0-0 11. Rc1 Bd7 12. Bd3 Bc6 13. Qe2 Qe7 14. Nb5 Bxb5 15. Bxb5 c6 16. Bd3 Bd6 17. e5 Bc7 18. Qe4 Qd7 19. Rfd1 Qd5 20. Qxd5 Nxd5 21. Bc4 Ndf4 22. b4 b5 23. Bf1 Rad8 24. Bxf4 Nxf4 25. Rxc6 Bb6 26. Bxb5 Nd5 27. Rc4 Nc7 28. Ba4 f6 29. exf6 Rxf6 30. Bb3 h6 31. a4 Nd5 32. a5 Bc7 33. Rc6 Bd6 34. Bxd5 exd5 35. b5 Rb8 36. Rb1 Bxh2+ 37. Kxh2 Rxc6 38. bxc6 Rxb1 39. Ne5 Rc1 40. Kg3 Kf8 41. Kf4 g5+ 42. Kf5 Kg7 43. Ke6 h5 44. Kd7 Kf6 45. c7 Kf5 46. c8Q Rxc8 47. Kxc8 Ke4 48. Kb7 Kxd4 49. Nf3+ Kc5 50. a6 g4 51. Nd2 h4 52. Kxa7 h3 53. gxh3 gxh3 54. Nf1 d4 55. Kb7 d3 56. a7 d2 57. a8Q d1Q 58. Qa5+ Kc4 59. Ne3+ Kb3 60. Nxd1 h2 61. Qh5 Kc2 62. Ne3+ Kd2 63. Qxh2 Ke2 64. Kc6 Kf3 65. Kd5 Ke2 66. Kd4 Kf3 67. Kc3 Ke2 68. Qg2 Ke1 69. Qf1# 1-0